BRIDGE ENGINEERING / (Record no. 587219)
[ view plain ]
| 000 -LEADER | |
|---|---|
| fixed length control field | 00314nam a22001337a 4500 |
| 020 ## - INTERNATIONAL STANDARD BOOK NUMBER | |
| Qualifying information | PB. |
| 040 ## - CATALOGING SOURCE | |
| Transcribing agency | FIZZA ISHAQ |
| 082 ## - DEWEY DECIMAL CLASSIFICATION NUMBER | |
| Classification number | 624.2 |
| Author Mark | LAT |
| 100 ## - MAIN ENTRY--PERSONAL NAME | |
| Personal name | RANGWAL, S.C LATE. |
| 9 (RLIN) | 86037 |
| 245 ## - TITLE STATEMENT | |
| Title | BRIDGE ENGINEERING / |
| Statement of responsibility, etc. | LATE S.C RANGWAL. |
| 260 ## - PUBLICATION, DISTRIBUTION, ETC. | |
| Place of publication, distribution, etc. | NEW DEHLI : |
| Date of publication, distribution, etc. | 1970. |
| 300 ## - PHYSICAL DESCRIPTION | |
| Extent | 297 P. ; |
| 942 ## - ADDED ENTRY ELEMENTS (KOHA) | |
| Source of classification or shelving scheme | |
| Koha item type | Book |
| Withdrawn status | Lost status | Source of classification or shelving scheme | Damaged status | Not for loan | Permanent Location | Current Location | Date acquired | Full call number | Barcode | Date last seen | Price effective from | Koha item type |
|---|---|---|---|---|---|---|---|---|---|---|---|---|
| NUST Baluchistan Campus (NBC) | NUST Baluchistan Campus (NBC) | 12/08/2021 | 624.2 LAT | Q-2127 | 12/08/2021 | 12/08/2021 | Book |
